Water and ions in biological systems : proceedings of the 4th international conference held in Bucharest, Romania, May 24-28, 1987 /

Bibliographic Details
Other Authors: Läuger, P. (Peter), 1934-, Packer, Lester, Vasilescu, V. (Vasile)
Format: Book
Language:English
Published: Basel ; Boston : Birkhäuser Verlag, 1988.
Series:Birkhäuser congress reports. Life sciences ; vol. 1.
Subjects:

MARC

Tag First Indicator Second Indicator Subfields
LEADER 00000cam a22000008a 4500
001 in00000029303
005 20151007060159.0
008 880212s1988 sz b 10100 eng
010 |a  88000254  
020 |a 0817619410 (U.S.) :  |c 100.00F (est.) 
035 |a (OCoLC)17551607 
035 |9 AAC0237AM 
040 |a DLC  |c DLC  |d TXA  |d UtOrBLW 
049 |a TXAM  |c [A11075748] 
050 0 0 |a QH501  |b .W34 1988 
082 0 |a 574.19/212  |2 19 
245 0 0 |a Water and ions in biological systems :  |b proceedings of the 4th international conference held in Bucharest, Romania, May 24-28, 1987 /  |c edited by P. Läuger, L. Packer, V. Vasilescu. 
263 |a 8804 
264 1 |a Basel ;  |a Boston :  |b Birkhäuser Verlag,  |c 1988. 
300 |a viii, 5-484 pages :  |b illustrations 
336 |a text  |b txt  |2 rdacontent 
337 |a unmediated  |b n  |2 rdamedia 
338 |a volume  |b nc  |2 rdacarrier 
490 1 |a Birkhäuser congress reports. Life sciences ;  |v vol. 1 
504 |a Includes bibliographies and indexes. 
650 0 |a Biological systems  |v Congresses. 
650 0 |a Water  |x Physiological effect  |x Congresses. 
650 0 |a Water in the body  |x Congresses. 
650 0 |a Biological transport  |v Congresses. 
650 0 |a Ions  |x Physiological effect  |x Congresses. 
700 1 |a Läuger, P.  |q (Peter),  |d 1934- 
700 1 |a Packer, Lester. 
700 1 |a Vasilescu, V.  |q (Vasile) 
830 0 |a Birkhäuser congress reports.  |p Life sciences ;  |v vol. 1. 
999 |a MARS 
999 f f |s d0cb3f2d-afb8-36d0-a87c-f8b0dabab2d4  |i e9e13079-1a1c-3b2a-aa0d-489e6d7f26bc  |t 0 
952 f f |p ric  |a Texas A&M University  |b Rellis Campus  |c Joint Library Facility  |d Remote Storage  |t 0  |e QH501 .W34 1988  |h Library of Congress classification  |i unmediated -- volume  |m A14811075748 
998 f f |a QH501 .W34 1988  |t 0  |l Remote Storage